| 000 | 00359cam a22001217a 4500 | ||
|---|---|---|---|
| 008 | 180718b-- xxu||||| |||| 00| 0 eng d | ||
| 082 | _aA45:V5 HARY | ||
| 100 | _aHaryana. State Electricity Board | ||
| 245 | _aAdministrative report | ||
| 260 |
_aChandigarh _bThe author _c-- |
||
| 500 | _aLibrary has 1968/69-1997/98 | ||
| 650 | _aPower resources - India - Haryana | ||
| 999 |
_c487605 _d487605 |
||